=LDR 00000nam 2200000 4500 =001 INLIS000000000053685 =005 20190103080910 =035 ##$$a 0010-0119000001 =007 ta =008 190103###########################0#ind## =020 ##$$a 979-523-236-3 =082 ##$$a F Rom D =084 ##$$a F Rom D BLA b =100 #$$a Blair =245 1#$$a Bahasa Bayi =260 ##$$a Jakarta :$b Dian Rakyat,$c 1998 =300 ##$$a 108 ; $c 22 cm =990 ##$$a 00060006 =990 ##$$a 00093248